Hazbin Hotel - It Starts With Sorry - Statistics

General Stats
  • This quiz has been taken 155 times
  • The average score is 100 of 123
Answer Stats
Hint Answer % Correct
I
100%
Charlie: It
99%
it
99%
so
99%
starts
99%
with
99%
"Sorry"
98%
Sir Pentious: Sorry
98%
sorry!
98%
"sorry"
98%
for
96%
a
95%
That's
95%
you
95%
your
95%
just
94%
kill
94%
But
93%
him?
93%
him
93%
we
93%
Sir Pentious: Who
93%
who
93%
forgive
92%
like
92%
an
91%
Angel Dust & Vaggie: Can't
91%
could
91%
in
91%
me?
91%
One
89%
one
89%
the
89%
The
89%
us
89%
and
88%
Charlie & Sir Pentious: And
88%
his
88%
where
86%
Angel Dust & Vaggie: Works
86%
simple
85%
blood?
84%
dirtbag
84%
don't
84%
Sir Pentious: I'm
84%
option
84%
spill
84%
door
82%
is
82%
to
82%
choose
81%
foot
81%
shoes?
81%
deserve
80%
Shoot
80%
been
79%
forgiveness
78%
hasn't
78%
of
78%
path
76%
from
71%
hearts
71%
say
66%
straight
66%
core
65%
sincere
64%
trail
64%
amnesty
60%
down
60%
begins
58%
deeper
58%
sins
58%
sins)
58%
Charlie: Dig
56%
Spoken
56%
take
54%
twisting
53%
time
52%
cover
49%
journey's
47%
multitude
46%
It'll
45%
(It'll
45%
vast
45%
underway
41%
my
40%
No matching quizzes found
Score Distribution
Percent of People with Each Score
Percentile by Number Answered
Your Score History
You have not taken this quiz